000
00316 a2200121 4500
000
nam a22 7a 4500
005
20260206095149.0
020
_a
9789348650856
100
_a
Ed. Chhabil Kumar Meher
_9
1114017
245
_a
Muktibodh : Chuni Hui Kahaniya
260
_b
Nayee Kitab prakashan
_c
2025
942
_c
TEXL
999
_c
1678728
_d
1678728